000
00337nam a2200133Ia 4500
003
PILC
008
220421s2003 xx 000 0 und d
040
_c
EARIST LIBRARY
100
_a
Medina, Roberto G.
245
0
_a
Entrepreneurship and Small Business Mgnt. /
260
_a
Manila,
_b
Rex :
_c
2003.
999
_c
1732
_d
1732
942
_2
ddc
_c
BK